| 000 | 00374 a2200157 4500 | ||
|---|---|---|---|
| 001 | 59921 | ||
| 020 | _a9783809420873 | ||
| 040 | _cAnchieta - Pituba | ||
| 100 | _aWinterfeld, Henry | ||
| 240 | 1 | 0 |
_aCaius' abenteuer im alten Rom _lpor |
| 245 | 1 | 0 | _aCaius' abenteuer im alten Rom |
| 300 | _a382 | ||
| 362 | 0 | _a2007 | |
| 650 | 4 | _aLiteratura juvenil em alemão | |
| 942 | _cBK | ||
| 999 |
_c59921 _d59921 |
||